Les organisations internationales : Entre intégration et différenciation (notice n° 1568021)
[ vue normale ]
| 000 -LEADER | |
|---|---|
| fixed length control field | 01361cam a2200133 4500500 |
| 005 - DATE AND TIME OF LATEST TRANSACTION | |
| control field | 20251214003854.0 |
| 041 ## - LANGUAGE CODE | |
| Language code of text/sound track or separate title | fre |
| 042 ## - AUTHENTICATION CODE | |
| Authentication code | dc |
| 100 10 - MAIN ENTRY--PERSONAL NAME | |
| Personal name | Devin, Guillaume |
| Relator term | author |
| 245 00 - TITLE STATEMENT | |
| Title | Les organisations internationales : Entre intégration et différenciation |
| 260 ## - PUBLICATION, DISTRIBUTION, ETC. | |
| Name of publisher, distributor, etc. | Armand Colin,<br/> |
| Date of publication, distribution, etc. | 2022.<br/> |
| 520 ## - SUMMARY, ETC. | |
| Summary, etc. | Depuis deux siècles, les organisations internationales incarnent les espoirs et les déceptions de la coopération internationale. L’augmentation de leur nombre et l’extension de leurs compétences sont spectaculaires. Le phénomène est devenu un fait politique et social majeur des relations internationales contemporaines. Tantôt il témoigne du rapprochement des acteurs internationaux, tantôt il révèle toutes les différences qui les séparent. L’un ne va pas sans l’autre. C’est le paradoxe des organisations internationales : contribuer au bien commun tout en servant les intérêts particuliers. Ce livre, sans équivalent en langue française, fait le choix d’une approche globale. Au-delà des trajectoires singulières des organisations internationales, il en saisit le mouvement général et propose une nouvelle manière de lire la transformation des relations internationales. |
| 856 41 - ELECTRONIC LOCATION AND ACCESS | |
| Uniform Resource Identifier | <a href="https://shs.cairn.info/les-organisations-internationales--9782200633363?lang=fr&redirect-ssocas=7080">https://shs.cairn.info/les-organisations-internationales--9782200633363?lang=fr&redirect-ssocas=7080</a> |
Pas d'exemplaire disponible.




Réseaux sociaux